000 00659nam a2200229Ia 4500
003 OSt
005 20221006164627.0
006 a|||||r|||| 00| 0
007 ta
008 221006b |||||||| |||| 00| 0 eng d
024 _a1,474
037 _cTextual
040 _aFML
_cFML
_beng
041 _2eng
_aeng
082 _aV236'D942<---B, K0
100 _aMajumdar M R Au.
_9677784
245 0 _aChronology of Gujrat
_b Historical and Cultural
260 _aBaroda
_bMaharaja Sayajirao University of Baroda
_c1960
300 _a342
_ccm.
942 _hV236'D942<---B, K0
_cTEXL
_2CC
999 _c1117891
_d1117891